000 00662nam a22002297a 4500
005 20170124105940.0
010 _aA-604911
020 _c00.00
035 _aA-604911
037 _bCen Lib/Ret
040 _aDPL
_bEN
082 _a320.092
_bTRU
100 _aTrukhanovsky, V. G
_910894
245 _aWinston Churchill /
_cby V. G. Trukhanovsky
260 _aMoscow
_bProgess Publishers
_c1978
270 _bMoscow
300 _a390p.
_c20cm(Hb)
500 _aIncludes bibliographic references and index
650 _aLiberal politicians
_972548
650 _aChurchill, Winston, -- 1874-1965
_930370
942 _2ddc
_cEN
_h320.092
_mTRU
999 _c124479
_d124479